GeoGuessr - Stoppschilder - Statistiken

Allgemein
  • Dieses Quiz wurde 29 mal gespielt
    28 seit der letzten Aktualisierung
  • Das Durchschnittsergebnis liegt bei 7 aus 18
Antwortstatistiken
Stoppschild Land % Korrekt
Südkorea
69%
Japan
63%
Israel und Palästina
56%
Türkei
56%
Québec
50%
Thailand
50%
Taiwan
44%
Bangladesch oder Nepal
38%
Laos
38%
Malaysia
38%
Nigeria
38%
Südamerika
38%
Hongkong
31%
Kambodscha
31%
Mongolei
31%
Bhutan
25%
Zentralamerika
25%
Vanuatu
19%
Keine übereinstimmenden Quizze gefunden
Verteilung der Resultate
Anzahl Personen mit jedem Resultat
Perzentil nach korrekt beantworteten Fragen
Ihre Resultats-Entwicklung
Sie haben dieses Quiz seit der letzten Aktualisierung nicht gespielt